Normal view
MARC view
- ديورانت، ول وايريل؛ ترجمة محمد بدران
Entry Personal Name
001 - CONTROL NUMBER
- control field: 60420
003 - CONTROL NUMBER IDENTIFIER
- control field: JO-AjAnu
005 - DATE AND TIME OF LATEST TRANSACTION
- control field: 20230606083857.0
008 - FIXED-LENGTH DATA ELEMENTS
- fixed length control field: 230606|| aca||aabn | a|a d
040 ## - CATALOGING SOURCE
- Original cataloging agency: JO-AjAnu
- Transcribing agency: JO-AjAnu
100 ## - HEADING--PERSONAL NAME
- Personal name: ديورانت، ول وايريل؛ ترجمة محمد بدران
670 ## - SOURCE DATA FOUND
- Source citation: Work cat.: (JO-AjAnu)30812: ديورانت، ول وايريل؛ ترجمة محمد بدران, author, قصة الحضارة: قيصر والمسيح او الحضارة الرومانية عصر الايمان، ج11-12 ،مجلد 3، الجزء الثالث، المجلد الرابع، الجزء الاول